000 00497nam a22001932 4500
001 0000005419
005 20170406120645.0
008 150105s xx 000 0 eng d
020 _c$
040 _aYour Holding Symbol
_cYour Holding Symbol
100 1 _aCook Christopher.
245 1 0 _aPears cyclopaedia 1980-81.
250 _a ed.
260 _alondon :
_bpelham,
_c1980.
300 _az32 p. ;
_c cm.
504 _aindex.
650 0 _acyclopaedia.
908 _a150105
999 _c5217
_d5217